Регионална библиотека "Любен Каравелов" - Русе

Право на Европейската общност (Запис номер 1209)

MARC детайли
000 -Лидер
Контролно поле с фиксирана дължина 01610nam a2200385 a 4500
003 - Код на организацията, давaща контролен номер
Контролно поле BLK
005 - Дата и час на последна редакция
Контролно поле 20230613140400.0
008 - Елементи от данни с фиксирана дължина
fixed length control field 180412b bul|||||r ||||||| ||bul||
010 ## - Наследен системен номер
LC control number KNG00002012000
040 ## - Източник на каталожния запис
Идентификатор на билиотеката - собственик на записа BLK
041 ## - Код за език
Код за езика на текст/звукозапис или на отделно заглавие Български
Код за езика КДБФ Български
080 ## - УДК
Текстов определител УДК Регионални обединения на държавите. ЕС(правни аспекти), Европейска общност за въглища и стомана и др.
УДК код - определител по УДК 341.17
УДК - код + определител 341.17
080 ## - УДК
Текстов определител УДК Европейска икономическа общност
УДК код - определител по УДК 339.923:061.1ЕИО
УДК - код + определител 339.923:061.1ЕИО
100 1# - Редна дума - Автор
Автор Стайнер, Джозефин
Авторска отговорност първи автор
R(LIN) 123040
139 ## - Редно поле
Редна дума Стайнер, Джозефин
Авторски знак Стаи - С 62
245 10 - Сведения за заглавието
Заглавие Право на Европейската общност
Подзаглавни данни Изследване
Редно поле (дума) Джозефин Стайнер.
257 ## - Страна на издаване
Страна на създаване/издаване Великобритания
260 ## - Област на издателските данни
Място на издаване, разпространение и проч. Бургас
Име на издателя, разпространителя и проч. Делфин прес
Година на издаване 1994
Печатница Ямбол : Абагар
300 ## - Физическа характеристика
Страници 404 с.
Размери/Мащаб 23 см
380 ## - Жанр
Жанр Обществени науки
490 ## - СЕРИИ (Колекции)
Име на серия Библиотека Изкуство на бизнеса
№: серия 9
500 ## - Общи забележки
Забележка Ориг. загл. EEC law / Josephine Steiner. - 1 000 тир.
650 #4 - Допълнително описание по предмет – тема
Основно описание – тема или топоним Европейска общност - правни въпроси
9 (RLIN) 243771
650 #4 - Допълнително описание по предмет – тема
Основно описание – тема или топоним Международно право
9 (RLIN) 243772
653 ## - Ключова дума – ненормативна
Ключова дума право
653 ## - Ключова дума – ненормативна
Ключова дума Европейски съюз
659 ## - Тематичен бюлетин
Тематичен бюлетин Е
852 ## - Местоположение
Форматна сигнатура Цб 176331
Фондова буква Хранилище
856 4# - Електронен адрес и достъп
Електронен формат pdf - файл
Път до файла /url/
856 4# - Електронен адрес и достъп
Електронен формат pdf - файл
Път до файла /url/
942 ## - АРТИКУЛИ
Вид на библиотечния материал Книги
Скрит в OPAC Не
944 ## - СЪЗДАВАНЕ И РЕДАКЦИЯ на ЗАПИСА
Създаване/Редакция Създаване
Дата на регистрацията/редакция 08.05.2003
Служител, извършил регистрацията/редакцията Геновева_Генчева
944 ## - СЪЗДАВАНЕ И РЕДАКЦИЯ на ЗАПИСА
Създаване/Редакция Редакция
Дата на регистрацията/редакция 26.10.2005
999 ## - СИСТЕМНИ КОНТРОЛНИ НОМЕРА
Koha biblionumber 1209
Koha biblioitemnumber 1209
999 ## - СИСТЕМНИ КОНТРОЛНИ НОМЕРА
Koha biblioitemnumber 1209
Наличности
Код за отписване Код за изгубен артикул Източник на класификационната схема Код за повреда Коз за рестрикции Код за отдаване Артикулен № Име на библиотеката - собственик Име на библиотеката, в която се намира в момента Статус (Текущо местоположение) Дата на вписване в системата Местоположение - отдел Цена в лева Инвентарен номер Систематично азбучна сигнатура Баркод Номер на екземпляра Цена в евро Служебна бележка Служебен тип на артикула
Изтеглен Не е изгубен Universal Decimal Classification Не е повреден без рестрикции заемане за дома 2425 Регионална библиотека "Любен Каравелов" Русе Регионална библиотека "Любен Каравелов" Русе Заемна - подръчен фонд 2001-01-01 Заемна - подръчен фонд 6.40 625193 П 341/С 62 625193 1 3.27 Дост: Pk Вид: Ф N: стар фонд Дата: 01.01.1994 Дата инв: 05.02.2018 Бележки инв: П2018 Книги
Изтеглен Не е изгубен Universal Decimal Classification Не е повреден без рестрикции заемане за дома 2426 Регионална библиотека "Любен Каравелов" Русе Регионална библиотека "Любен Каравелов" Русе Заемна - подръчен фонд 1994-01-01 Заемна - подръчен фонд 6.40 601493 П 341/С 62 601493 2 3.27 Дост: Pk Вид: Ф N: стар фонд Дата: 01.01.1994 Дата инв: 05.02.2018 Бележки инв: П2018 Книги
Изтеглен Не е изгубен Universal Decimal Classification Не е повреден без рестрикции заемане за дома 2427 Регионална библиотека "Любен Каравелов" Русе Регионална библиотека "Любен Каравелов" Русе Заемна - подръчен фонд 1994-01-01 Заемна - подръчен фонд 6.40 601494 П 341/С 62 601494 3 3.27 Дост: Pk Вид: Ф N: стар фонд Дата: 01.01.1994 Дата инв: 05.02.2018 Бележки инв: П2018 Книги
  Не е изгубен Universal Decimal Classification Не е повреден без рестрикции ползва се в читалня 2428 Регионална библиотека "Любен Каравелов" Русе Регионална библиотека "Любен Каравелов" Русе Хранилище 1994-01-01 Хранилище 0.00 602994 Цб 176331 120000602994 4 0.00 Дост: Dp Вид: Д N: 19 Дата: 01.01.1994 Книги
Vip Innovations Ltd, Rousse, Bulgaria 2025